Catálogo - Centro de Recursos para el Aprendizaje y la Investigación

Volver al Sitio - CRAI Biblioteca

Derechos de los niños, niñas y adolescentes a la protección contra el abuso y la explotación sexual comercial : (Registro nro. 113805)

Detalles MARC
000 -CABECERA
campo de control de longitud fija 01588nam a22002657a 4500
001 - NÚMERO DE CONTROL
campo de control 113805
003 - IDENTIFICADOR DEL NÚMERO DE CONTROL
campo de control DR-UNIBE
005 - FECHA Y HORA DE LA ÚLTIMA TRANSACCIÓN
campo de control 20250630102907.0
008 - DATOS DE LONGITUD FIJA--INFORMACIÓN GENERAL
campo de control de longitud fija 250630b dr ||||| |||| 00| 0 spa d
040 ## - FUENTE DE LA CATALOGACIÓN
Centro catalogador/agencia de origen BIBLIOTECA UNIBE
Lengua de catalogación spa
Centro/agencia transcriptor BIBLIOTECA UNIBE
Normas de descripción rda
041 ## - CÓDIGO DE LENGUA
Código de lengua del texto/banda sonora o título independiente spa
082 ## - NÚMERO DE LA CLASIFICACIÓN DECIMAL DEWEY
Número de edición 22
Número de clasificación RD RD 323.352 S961d
100 10 - ENTRADA PRINCIPAL--NOMBRE DE PERSONA
Nombre de persona Suriel, Altagracia
9 (RLIN) 67602
245 10 - MENCIÓN DE TÍTULO
Título Derechos de los niños, niñas y adolescentes a la protección contra el abuso y la explotación sexual comercial :
Resto del título guía para su aplicación /
Mención de responsabilidad, etc. Altagracia Suriel
250 ## - MENCIÓN DE EDICIÓN
Mención de edición Primera edición
260 ## - PUBLICACIÓN, DISTRIBUCIÓN, ETC.
Lugar de publicación, distribución, etc. Santo Domingo :
Nombre del editor, distribuidor, etc. Amigo del Hogar,
Fecha de publicación, distribución, etc. [Fecha no identificada]
300 ## - DESCRIPCIÓN FÍSICA
Extensión 82 páginas :
Otras características físicas dibujos en b/n ;
Dimensiones 23 x 15 cm
505 ## - NOTA DE CONTENIDO CON FORMATO
Nota de contenido con formato I. Introducción |<br/>Primera parte: I. La protección internacional contra el abuso y la explotación sexual comercial a niños, niñas y adolescentes |<br/>Segunda parte: II. Marco conceptual del abuso y la explotación sexual comercial a niños, niñas y adolescentes |<br/>Tercera parte: III. Prevención del abuso y al explotación sexual comercial a niños, niñas y adolescentes |<br/>Cuarta parte. Formulario de referimiento |<br/>Quinta parte: Glosario de términos |<br/>Sexta parte: bibliografía
650 #7 - PUNTO DE ACCESO ADICIONAL DE MATERIA--TÉRMINO DE MATERIA
Fuente del encabezamiento o término lemb
Término de materia o nombre geográfico como elemento de entrada Niños
Subdivisión general Legislación
Subdivisión geográfica República Dominicana
9 (RLIN) 26744
650 #7 - PUNTO DE ACCESO ADICIONAL DE MATERIA--TÉRMINO DE MATERIA
Fuente del encabezamiento o término lemb
Término de materia o nombre geográfico como elemento de entrada Adolescentes
Subdivisión general Legislación
Subdivisión geográfica República Dominicana
9 (RLIN) 196774
650 #7 - PUNTO DE ACCESO ADICIONAL DE MATERIA--TÉRMINO DE MATERIA
Fuente del encabezamiento o término lemb
Término de materia o nombre geográfico como elemento de entrada Abuso sexual de menores en Repúboica Dominicana
9 (RLIN) 196775
650 #7 - PUNTO DE ACCESO ADICIONAL DE MATERIA--TÉRMINO DE MATERIA
Término de materia o nombre geográfico como elemento de entrada Prostitución infantil
Subdivisión geográfica República Dominicana
9 (RLIN) 47929
700 10 - PUNTO DE ACCESO ADICIONAL--NOMBRE DE PERSONA
Nombre de persona Núñez, Tony
9 (RLIN) 61159
Término indicativo de función/relación diseñador
-- diagramador
942 ## - ELEMENTOS DE PUNTO DE ACCESO ADICIONAL (KOHA)
Fuente del sistema de clasificación o colocación Sistema de Clasificación Decimal Dewey
Tipo de ítem Koha Libro (general)
Existencias
Estado de retiro Estado de pérdida Fuente del sistema de clasificación o colocación No para préstamo Código de colección Localización permanente Fecha de adquisición Total de préstamos Signatura topográfica completa Código de barras Fecha visto por última vez Número de copia Precio válido a partir de Tipo de ítem Koha
  Disponible Sistema de Clasificación Decimal Dewey   General - Libros dominicanos Biblioteca Central UNIBE 07/05/2025   RD RD 323.352 S961d 250730 30/06/2025 Ej. 1 30/06/2025 Libro (general)